[Event "COL-ch sf1"]
[Site "Medellin"]
[Date "2019.04.20"]
[Round "9"]
[White "Alvarez Angel, Nelson Eduardo"]
[Black "Correa, Daniel"]
[Result "1-0"]
[WhiteElo "1974"]
[BlackElo "1607"]
[PlyCount "77"]
[EventDate "2019.04.16"]
[EventType "swiss"]
[EventRounds "10"]
[EventCountry "COL"]
[SourceTitle "CBM 190 Extra"]
[Source "ChessBase"]
[SourceDate "2019.07.15"]
[SourceVersion "1"]
[SourceVersionDate "2019.07.15"]
[SourceQuality "1"]

1. d4 Nf6 2. c4 g6 3. Nc3 Bg7 4. e4 d6 5. f4 0-0 6. Nf3 c5 7. d5 e6 8. Bd3 a6 9. a4 exd5 10. cxd5 Re8 11. 0-0 Nbd7 12. Bc2 Rb8 13. a5 b5 14. axb6 Qxb6 15. h3 c4+ 16. Kh2 Nc5 17. Re1 Nfd7 18. Rb1 Qc7 19. Qe2 Nb3 20. Be3 Ndc5 21. Nd2 a5 22. Bxb3 cxb3 23. Nb5 Qb6 24. Nd4 Ba6 25. Qf3 Bd3 26. Rbc1 Rbc8 27. N4xb3 Bxe4 28. Bxc5 Rxc5 29. Nxe4 Rxc1 30. Nf6+ Bxf6 31. Rxe8+ Kg7 32. Nxc1 Qxb2 33. Ne2 a4 34. Ng3 a3 35. Qg4 Qc2 36. Nh5+ Kh6 37. Nxf6 a2 38. Qh4+ Kg7 39. Rg8# 1-0

[Event "COL-ch sf1"]
[Site "Medellin"]
[Date "2019.04.20"]
[Round "8"]
[White "Correa, Daniel"]
[Black "Soto, Cristian Camilo"]
[Result "0-1"]
[WhiteElo "1607"]
[BlackElo "2091"]
[PlyCount "114"]
[EventDate "2019.04.16"]
[EventType "swiss"]
[EventRounds "10"]
[EventCountry "COL"]
[SourceTitle "CBM 190 Extra"]
[Source "ChessBase"]
[SourceDate "2019.07.15"]
[SourceVersion "1"]
[SourceVersionDate "2019.07.15"]
[SourceQuality "1"]

1. d4 Nf6 2. c4 e5 3. dxe5 Ng4 4. Nf3 Nc6 5. Bf4 Bc5 6. e3 f6 7. e6 d6 8. Nd4 Nge5 9. Be2 0-0 10. 0-0 Qe7 11. Nc3 Bxe6 12. Nxe6 Qxe6 13. Nd5 Qf7 14. a3 a5 15. Bg3 f5 16. Qd2 a4 17. Qc2 Nd8 18. Nc3 Qe8 19. Bd1 Ne6 20. Nxa4 f4 21. exf4 Nd4 22. Qe4 Nxc4 23. Nxc5 dxc5 24. Qxb7 Nd2 25. Qd5+ Kh8 26. Qxc5 Ne6 27. Qe5 Nxf1 28. Kxf1 Qg6 29. Bf3 Rae8 30. Bh5 Qd3+ 31. Kg1 Rf5 32. Qe2 Qxe2 33. Bxe2 Nxf4 34. Bf3 Ne2+ 35. Bxe2 Rxe2 36. b4 Rb2 37. h3 Rf7 38. Kh2 Kg8 39. Rd1 h5 40. Rd8+ Kh7 41. Ra8 Rb3 42. h4 c6 43. Ra6 Rf6 44. Ra8 Kg6 45. Ra6 Kh6 46. Kg1 g5 47. hxg5+ Kxg5 48. Ra5+ Kg6 49. Bh4 Rb1+ 50. Kh2 Rf4 51. Bg3 Rc4 52. Rc5 Rxc5 53. bxc5 Rb2 54. a4 Ra2 55. Bd6 Rxf2 56. a5 Rc2 57. a6 Ra2 0-1

[Event "COL-ch sf1"]
[Site "Medellin"]
[Date "2019.04.19"]
[Round "7"]
[White "Munoz Monroy, Cinthya Carolina"]
[Black "Correa, Daniel"]
[Result "0-1"]
[WhiteElo "2011"]
[BlackElo "1607"]
[PlyCount "44"]
[EventDate "2019.04.16"]
[EventType "swiss"]
[EventRounds "10"]
[EventCountry "COL"]
[SourceTitle "CBM 190 Extra"]
[Source "ChessBase"]
[SourceDate "2019.07.15"]
[SourceVersion "1"]
[SourceVersionDate "2019.07.15"]
[SourceQuality "1"]

1. e4 c5 2. Nf3 d6 3. c3 g6 4. d4 cxd4 5. cxd4 Bg7 6. Bc4 Nf6 7. Nc3 0-0 8. Qe2 Nc6 9. h3 Bd7 10. 0-0 a6 11. Rd1 b5 12. Bb3 b4 13. Na4 Na5 14. e5 Bb5 15. Qe1 Nxb3 16. exf6 Nxa1 17. fxe7 Qc7 18. exf8Q+ Bxf8 19. Qxb4 Be2 20. Qd2 Bxd1 21. Qxd1 Qc2 22. Qxc2 Nxc2 0-1

[Event "Medellin Aristizabal Cup"]
[Site "Medellin"]
[Date "2017.09.09"]
[Round "4"]
[White "Correa, Daniel"]
[Black "Pena, Alcides"]
[Result "1-0"]
[WhiteElo "1598"]
[BlackElo "1792"]
[PlyCount "45"]
[EventDate "2017.09.06"]
[EventType "swiss"]
[EventRounds "7"]
[EventCountry "COL"]
[SourceTitle "CBM 180 Extra"]
[Source "ChessBase"]
[SourceDate "2017.10.06"]
[SourceVersion "1"]
[SourceVersionDate "2017.10.06"]
[SourceQuality "1"]

1. d4 d5 2. c4 e6 3. Nc3 Nf6 4. Bg5 Nbd7 5. Nf3 Be7 6. e3 0-0 7. Rc1 c5 8. cxd5 Nxd5 9. Bxe7 Nxe7 10. Be2 cxd4 11. Nxd4 a6 12. 0-0 b5 13. Ne4 Qb6 14. Nb3 Nd5 15. Qd4 Qxd4 16. Nxd4 N7f6 17. Nd6 Bd7 18. e4 Nf4 19. Bf3 e5 20. Nc6 Nd3 21. Rc3 Bxc6 22. Rxc6 Nxb2 23. Nf5 1-0

[Event "Medellin Aristizabal Cup"]
[Site "Medellin"]
[Date "2017.09.06"]
[Round "1"]
[White "Ossa, Vladimir"]
[Black "Correa, Daniel"]
[Result "1-0"]
[WhiteElo "2003"]
[BlackElo "1598"]
[PlyCount "53"]
[EventDate "2017.09.06"]
[EventType "swiss"]
[EventRounds "7"]
[EventCountry "COL"]
[SourceTitle "CBM 180 Extra"]
[Source "ChessBase"]
[SourceDate "2017.10.06"]
[SourceVersion "1"]
[SourceVersionDate "2017.10.06"]
[SourceQuality "1"]

1. d3 Nf6 2. c3 d5 3. Qc2 e6 4. e4 Nc6 5. Nf3 dxe4 6. dxe4 Bc5 7. Be2 0-0 8. b4 Bb6 9. 0-0 Bd7 10. a4 a6 11. Ba3 Ne7 12. Nbd2 Re8 13. c4 Ng6 14. c5 Ba7 15. Rfd1 Nf4 16. Bf1 Qc8 17. b5 e5 18. Bc4 Be6 19. Nxe5 Bxc4 20. Ndxc4 Ne6 21. b6 Nxc5 22. bxa7 Ncxe4 23. f3 Ng5 24. Qb3 Rxa7 25. h4 Ne6 26. Rac1 b5 27. Nd6 1-0

[Event "American Continental 13th"]
[Site "Medellin"]
[Date "2017.06.18"]
[Round "11"]
[White "Paniagua, Fabio de Jesus"]
[Black "Correa, Daniel"]
[Result "1-0"]
[WhiteElo "1862"]
[BlackElo "1595"]
[PlyCount "88"]
[EventDate "2017.06.10"]
[EventType "swiss"]
[EventRounds "11"]
[EventCountry "COL"]
[SourceTitle "CBM 178 Extra"]
[Source "ChessBase"]
[SourceDate "2017.06.22"]
[SourceVersion "1"]
[SourceVersionDate "2017.06.22"]
[SourceQuality "1"]

1. d4 Nf6 2. c4 g6 3. Bf4 Bg7 4. e3 0-0 5. Nf3 d6 6. h3 e6 7. Be2 Qe7 8. 0-0 Rd8 9. Nc3 Nh5 10. Bh2 f5 11. e4 e5 12. exf5 gxf5 13. Nxe5 dxe5 14. Bxh5 Rxd4 15. Nd5 Qd8 16. Qb3 Nc6 17. Qc3 Rh4 18. Bd1 Nd4 19. Bg3 Rh6 20. Nxc7 Qxc7 21. Qxd4 exd4 22. Bxc7 Rc6 23. Bf4 Kf8 24. Ba4 Rb6 25. Bb3 Re6 26. c5 Re4 27. Bd6+ Ke8 28. Rfe1 Kd7 29. Bd5 Rxe1+ 30. Rxe1 Bf6 31. b4 a6 32. a4 d3 33. Rd1 Bc3 34. b5 axb5 35. axb5 Ra1 36. Rxa1 Bxa1 37. Bf4 Bc3 38. Kf1 Bb4 39. Bc4 d2 40. Ke2 Bxc5 41. Bxd2 Kc7 42. Kf3 Kb6 43. Be3 Bd7 44. Kf4 Bxb5 1-0

[Event "American Continental 13th"]
[Site "Medellin"]
[Date "2017.06.14"]
[Round "7"]
[White "Mora Suarez, Juan Felipe"]
[Black "Correa, Daniel"]
[Result "1-0"]
[WhiteElo "1858"]
[BlackElo "1595"]
[PlyCount "60"]
[EventDate "2017.06.10"]
[EventType "swiss"]
[EventRounds "11"]
[EventCountry "COL"]
[SourceTitle "CBM 178 Extra"]
[Source "ChessBase"]
[SourceDate "2017.06.22"]
[SourceVersion "1"]
[SourceVersionDate "2017.06.22"]
[SourceQuality "1"]

1. d4 Nf6 2. Bg5 Ne4 3. Bf4 c5 4. f3 g5 5. Bc1 Qa5+ 6. c3 Nf6 7. Bxg5 Bg7 8. d5 d6 9. Na3 Nbd7 10. Nc4 Qc7 11. a4 Nb6 12. e4 Bd7 13. Bd3 Rg8 14. Qd2 h6 15. Bf4 Nxc4 16. Bxc4 0-0-0 17. Kf2 h5 18. Ne2 Nh7 19. Ng3 h4 20. Nf5 Bxf5 21. exf5 Nf6 22. Rae1 Rde8 23. Bg5 Rh8 24. Re2 a6 25. Rhe1 h3 26. g4 Qd8 27. Qd3 Ng8 28. b4 f6 29. Bf4 b6 30. Bxa6+ Kb8 1-0

[Event "American Continental 13th"]
[Site "Medellin"]
[Date "2017.06.11"]
[Round "2"]
[White "Correa, Daniel"]
[Black "Toro Castaneda, Elizabeth"]
[Result "1-0"]
[WhiteElo "1595"]
[BlackElo "1953"]
[PlyCount "115"]
[EventDate "2017.06.10"]
[EventType "swiss"]
[EventRounds "11"]
[EventCountry "COL"]
[SourceTitle "CBM 178 Extra"]
[Source "ChessBase"]
[SourceDate "2017.06.22"]
[SourceVersion "1"]
[SourceVersionDate "2017.06.22"]
[SourceQuality "1"]

1. d4 Nf6 2. c4 g6 3. Nc3 Bg7 4. e4 d6 5. Nf3 0-0 6. Be2 Nbd7 7. 0-0 e5 8. Be3 Re8 9. d5 Nc5 10. Qc2 a5 11. Ne1 Ng4 12. Bxg4 Bxg4 13. f3 Bd7 14. Nd3 b6 15. a3 a4 16. Nb4 Nb3 17. Rad1 Qc8 18. Nc6 Qa6 19. Nb5 Qb7 20. Nb4 Ra5 21. Kh1 Bxb5 22. cxb5 Rxb5 23. Nc6 Nc5 24. Qe2 Rb3 25. Rf2 Ra8 26. Bc1 Qa6 27. Qc2 Re8 28. Re2 Rd3 29. Rxd3 Qxd3 30. Qxd3 Nxd3 31. Rc2 Nc5 32. Be3 Ra8 33. Rc4 h6 34. Kg1 Kf8 35. Kf1 Nd3 36. Rc2 f5 37. Ke2 Nc5 38. Bxc5 bxc5 39. g4 fxg4 40. fxg4 Bf6 41. Kd3 Ra6 42. Rf2 Kg7 43. Kc4 Rb6 44. Na7 Rb3 45. Nb5 Bh4 46. Re2 Bd8 47. Nc3 Bg5 48. Nxa4 Rb8 49. Nc3 Bc1 50. Nb5 Rc8 51. a4 Bg5 52. b3 Bf4 53. a5 Ra8 54. Ra2 Bg5 55. Nxc7 Ra7 56. Ne8+ Kf7 57. Nxd6+ Ke7 58. Nc8+ 1-0

[Event "Medellin Aristizabal Cup"]
[Site "Medellin"]
[Date "2016.05.21"]
[Round "4"]
[White "Correa, Daniel"]
[Black "Caicedo, Carlos Andres"]
[Result "0-1"]
[WhiteElo "1716"]
[BlackElo "1855"]
[PlyCount "54"]
[EventDate "2016.05.18"]
[EventType "swiss"]
[EventRounds "7"]
[EventCountry "COL"]
[SourceTitle "CBM 172 Extra"]
[Source "ChessBase"]
[SourceDate "2016.06.21"]
[SourceVersion "1"]
[SourceVersionDate "2016.06.21"]
[SourceQuality "1"]

1. d4 d5 2. c4 e6 3. Nc3 Nf6 4. Bg5 Nbd7 5. e3 Bb4 6. Nf3 c5 7. a3 Bxc3+ 8. bxc3 Qa5 9. Qb3 Ne4 10. Rc1 cxd4 11. exd4 Nxg5 12. Nxg5 dxc4 13. Bxc4 Qxg5 14. 0-0 0-0 15. Rce1 Nb6 16. Bd3 Bd7 17. Re3 Rac8 18. Rg3 Qf6 19. Re1 Bc6 20. Ree3 Bd5 21. Qb1 g6 22. Rh3 Rc7 23. Reg3 Rfc8 24. Bc2 Nc4 25. Qc1 Nd6 26. Qh6 Qg7 27. Qf4 Nb5 0-1